000 00264nam a22001097a 4500
008 170124b xxu||||| |||| 00| 0 eng d
020 _a9780130483973
041 _aeng
080 _23RD
_a618.2
245 _aMEDICAL-SURGICAL NURSING
_cLEMONE & BURKE
942 _2udc
_cBK
999 _c3444
_d3444